000 00670nam a2200229Ia 4500
003 OSt
005 20220925222753.0
006 a|||||r|||| 00| 0
007 ta
008 220923b |||||||| |||| 00| 0 eng d
037 _cGeneral Book
040 _aRTL
_cRTL
_beng
041 _2eng
_aeng
082 _aX:991.1-1.N7, L6
100 _aMukherjee Santosh
_9153018
245 0 _aGovernments and labour markets
_b Aspects of policie
260 _aLondon
_bPolitical andEconomic Planning UK
_c1976
300 _a77p.
_ccm.
650 _aLabour Market
942 _hX:991.1-1.N7, L6
_cGB
_2CC
999 _c577733
_d577733